Statistics for Most Popular Study Abroad Countries For American Students

Click here to take the quiz!

General Stats

  • This quiz has been taken 162 times
  • The average score is 16 of 20

Answer Stats

Number of StudentsCountry% Correct
33,182United Kingdom
98%
14,596China
97%
17,019France
97%
30,361Italy
97%
25,965Spain
97%
9,736Australia
96%
4,134Japan
96%
4,167Mexico
95%
9,018Germany
94%
3,485Brazil
93%
4,345India
88%
4,589Argentina
87%
7,007Ireland
85%
3,280Chile
77%
3,428Greece
75%
4,337South Africa
73%
3,441Israel
49%
7,230Costa Rica
42%
3,107Ecuador
38%
3,291Czech Republic
28%

Score Distribution

Percentile by Number Answered

Percent of People with Each Score

Your Score History

You have not taken this quiz